[Event "Berliner Sommer 16th"]
[Site "Berlin"]
[Date "1998.??.??"]
[Round "1"]
[White "Montavon, Gerard"]
[Black "Kruppa, Yuri"]
[Result "0-1"]
[WhiteElo "2090"]
[BlackElo "2570"]
[PlyCount "92"]
[EventDate "1998.08.08"]
[Source "ChessBase"]
[SourceDate "1998.11.06"]

1. e4 e6 2. d4 d5 3. e5 c5 4. Qg4 Nc6 5. Nf3 Qc7 6. Bd3 Nxd4 7. Nxd4 Qxe5+ 8. Ne2 c4 9. Bxc4 dxc4 10. Qxc4 Bd7 11. Nbc3 Rc8 12. Qb3 b5 13. Bf4 Qc5 14. O-O-O a6 15. Ne4 Qc4 16. Qxc4 Rxc4 17. Nd6+ Bxd6 18. Rxd6 Rc6 19. Rhd1 Nf6 20. Be5 Nd5 21. Rxc6 Bxc6 22. Bxg7 Rg8 23. Be5 Rxg2 24. Bg3 e5 25. Re1 Kd7 26. Kd2 f6 27. Nc3 Nf4 28. Nd1 Nh3 29. Ne3 Rg1 30. Rxg1 Nxg1 31. c4 Nf3+ 32. Kc3 Ke6 33. cxb5 Bxb5 34. Ng2 f5 35. Nh4 Ng1 36. Ng2 f4 37. Bh4 Nf3 38. Kb4 Bf1 39. Nxf4+ exf4 40. Bd8 Nxh2 41. Ka5 Nf3 42. a4 h5 43. b4 Kd7 44. Bf6 h4 45. Bxh4 Nxh4 46. Kb6 Kd6 0-1

[Event "Wroclaw-B"]
[Site "Wroclaw POL"]
[Date "1981.??.??"]
[Round "6"]
[White "Sikora-Lerch, Jan"]
[Black "Drelinkiewicz, Tadeusz"]
[Result "1-0"]
[WhiteElo "2375"]
[BlackElo "2285"]
[PlyCount "63"]
[EventDate "1981.??.??"]
[Source "www.chesslib.no"]
[SourceDate "2004.05.04"]

1. e4 e6 2. d4 d5 3. e5 c5 4. Qg4 Nc6 5. Nf3 cxd4 6. Bd3 Qc7 7. O-O f5 8. Qg3 Nge7 9. Re1 Bd7 10. Nbd2 h6 11. h4 g5 12. hxg5 hxg5 13. Nxg5 Bh6 14. Ndf3 O-O-O 15. Nf7 Rdg8 16. Qh2 Bxc1 17. Nxh8 Bxb2 18. Rab1 Bc3 19. Nf7 Qa5 20. Nd6+ Kb8 21. Rxb7+ Ka8 22. Reb1 Qxa2 23. Qh7 Rd8 24. g3 Ba5 25. R7b2 Qa4 26. Kg2 Bb6 27. Rxb6 axb6 28. Rxb6 Ka7 29. Bb5 Qxc2 30. Nxd4 Qc3 31. Rxc6 Qxd4 32. Qxe7 1-0

[Event "CZE-chT 0102"]
[Site "?"]
[Date "2002.01.13"]
[Round "7"]
[White "Buchnicek Petr"]
[Black "Jurek Josef"]
[Result "0-1"]
[WhiteElo "2287"]
[BlackElo "2370"]
[PlyCount "132"]
[EventDate "2002.??.??"]
[Source "www.chesslib.no"]
[SourceDate "2004.05.04"]

1. e4 e6 2. d4 d5 3. e5 c5 4. Qg4 cxd4 5. Nf3 Nc6 6. Bd3 Nge7 7. O-O Ng6 8. Re1 Qc7 9. Qg3 f6 10. exf6 Qxg3 11. f7+ Kxf7 12. fxg3 Bd6 13. Rf1 Kg8 14. Nbd2 Bd7 15. Nb3 Nge7 16. Nfxd4 Nxd4 17. Nxd4 Bc5 18. Be3 Nc6 19. c3 Ne5 20. Be2 h6 21. Nc2 Bxe3+ 22. Nxe3 Kh7 23. Ng4 Nxg4 24. Bxg4 Raf8 25. Rae1 Rxf1+ 26. Kxf1 Rf8+ 27. Ke2 Rf6 28. Ke3 Kg8 29. Bf3 Kf8 30. Kd4 Bc6 31. a4 Ke7 32. a5 Kd6 33. Re5 Rf8 34. b3 Rf7 35. b4 Rc7 36. Be2 Be8 37. Re3 Bg6 38. Bf1 Re7 39. Rf3 e5+ 40. Ke3 Rc7 41. Kd2 Rc8 42. g4 b6 43. axb6 axb6 44. g5 h5 45. Be2 Ra8 46. h4 Ra2+ 47. Ke1 d4 48. cxd4 exd4 49. Rf8 Ke5 50. Rd8 Rb2 51. b5 Kf4 52. Rf8+ Ke4 53. Rf3 Ke5 54. Rg3 Bf5 55. Ra3 g6 56. Bc4 Be4 57. Ra2 Rxa2 58. Bxa2 Bd3 59. Bf7 Kf5 60. Be8 Kg4 61. Kf2 Kf5 62. Bc6 Ke5 63. Kf3 Bf5 64. Ke2 Be4 65. g4 hxg4 66. h5 Bf3+ 0-1

[Event "Frydek Mistek Open"]
[Site "Frydek Mistek CZE"]
[Date "1996.??.??"]
[Round "6"]
[White "Kislov, Mikhail"]
[Black "Novosak, Jiri"]
[Result "1-0"]
[WhiteElo "2415"]
[BlackElo "2230"]
[PlyCount "50"]
[EventDate "1996.??.??"]
[Source "www.chesslib.no"]
[SourceDate "2004.05.04"]

1. e4 e6 2. d4 d5 3. e5 c5 4. Qg4 cxd4 5. Nf3 Nc6 6. Bd3 Qc7 7. O-O Nxe5 8. Nxe5 Qxe5 9. Bf4 Qf6 10. Bg5 Qe5 11. Nd2 Nh6 12. Qh4 Nf5 13. Nf3 Qd6 14. Bxf5 exf5 15. Rfe1+ Be6 16. Nxd4 g6 17. c4 Bg7 18. cxd5 O-O 19. Nxe6 fxe6 20. dxe6 Rfe8 21. Red1 Qc6 22. e7 Bxb2 23. Qb4 Bg7 24. Qb3+ Kh8 25. Rd8 h6 1-0

[Event "Petah Tiqwa"]
[Site "Petah Tiqwa"]
[Date "1996.??.??"]
[Round "9"]
[White "Barenboim, Grigory"]
[Black "Peker, Oleg"]
[Result "1/2-1/2"]
[WhiteElo "2275"]
[BlackElo "2365"]
[PlyCount "124"]
[EventDate "1996.09.30"]
[Source "ChessBase"]

1. e4 e6 2. d4 d5 3. e5 c5 4. Qg4 Nc6 5. Nf3 cxd4 6. Bd3 f5 7. Qg3 Qc7 8. O-O Bd7 9. a3 a6 10. b4 g6 11. Re1 Nh6 12. Nbd2 Nf7 13. Nb3 Rg8 14. Bf4 g5 15. Bd2 Rg6 16. b5 axb5 17. Nbxd4 Nxd4 18. Nxd4 Bg7 19. Nxf5 Bxe5 20. Rxe5 Qxe5 21. Qxe5 Nxe5 22. Nd6+ Ke7 23. Bxg6 Nxg6 24. Nxb7 Kf6 25. Nc5 Bc6 26. f3 e5 27. Kf2 Nh4 28. Bc3 Nf5 29. Bb2 Nd6 30. Re1 Nc4 31. Bc1 Rg8 32. Nd3 d4 33. Nc5 h5 34. Ne4+ Bxe4 35. Rxe4 Nd6 36. Re2 Rc8 37. Ke1 d3 38. Rd2 Rxc2 39. Rxc2 dxc2 40. Kd2 Nf5 41. Kxc2 Nh4 42. Kc3 Nxg2 43. Kb4 Ne1 44. Kxb5 Nxf3 45. a4 Nd4+ 46. Kc4 g4 47. a5 h4 48. a6 Nc6 49. Kc5 h3 50. Be3 g3 51. Bg1 gxh2 52. Bxh2 Na7 53. Kd5 Ke7 54. Bxe5 Kd7 55. Kc5 Ke6 56. Bh2 Kd7 57. Bg3 Nc8 58. Kb5 Na7+ 59. Kb6 Nc8+ 60. Kb7 Nd6+ 61. Kb8 Nb5 62. Bh2 Kc6 1/2-1/2

[Event "Philadelphia Open"]
[Site "Philadelphia, PA USA"]
[Date "1987.??.??"]
[Round "?"]
[White "Harris, Derek JE"]
[Black "Bonin, Jay R"]
[Result "0-1"]
[WhiteElo "2215"]
[BlackElo "2425"]
[PlyCount "68"]
[EventDate "1987.06.??"]
[Source "www.chesslib.no"]
[SourceDate "2004.05.04"]

1. e4 e6 2. d4 d5 3. e5 c5 4. Qg4 cxd4 5. Qxd4 Nc6 6. Qf4 Bc5 7. Nf3 Nge7 8. Bd3 Ng6 9. Bxg6 fxg6 10. O-O Rf8 11. Qg3 Kf7 12. Nbd2 Kg8 13. c4 b6 14. Nb3 dxc4 15. Nxc5 bxc5 16. Be3 Nd4 17. Bxd4 cxd4 18. Qg4 Rb8 19. Nxd4 Rxb2 20. Nc6 Qb6 21. Qxc4 Ba6 22. Qxe6+ Kh8 23. Nd4 Bxf1 24. Qxb6 axb6 25. Rxf1 Rxa2 26. f3 Rd8 27. Rc1 Rd2 28. Nb5 Rd1+ 29. Rxd1 Rxd1+ 30. Kf2 Rd5 31. Nd6 b5 32. Ke3 Rxe5+ 33. Kd4 Re2 34. g4 Rd2+ 0-1

[Event "Rilton Cup"]
[Site "Stockholm SWE"]
[Date "1978.??.??"]
[Round "8"]
[White "Malmdin, Nils-Ake"]
[Black "Ornstein, Axel O"]
[Result "1/2-1/2"]
[WhiteElo "2210"]
[BlackElo "2425"]
[PlyCount "80"]
[EventDate "1978.??.??"]
[Source "www.chesslib.no"]
[SourceDate "2004.05.04"]

1. e4 e6 2. d4 d5 3. e5 c5 4. Qg4 Nc6 5. Nf3 cxd4 6. Bd3 Nge7 7. O-O Ng6 8. Re1 Be7 9. c3 dxc3 10. Nxc3 O-O 11. h4 f5 12. exf6 Rxf6 13. h5 Nf4 14. Bxf4 e5 15. Qg3 exf4 16. Qh2 Bf5 17. Rad1 Bb4 18. Bc4 Kh8 19. Bxd5 Qc7 20. Nh4 Bc2 21. Rd2 Bxc3 22. bxc3 Ne7 23. Rxc2 Nxd5 24. Rce2 Qxc3 25. Kh1 Kg8 26. Nf3 Rf5 27. Qh3 Raf8 28. Qg4 Qf6 29. Re6 Qf7 30. Ng5 Ne3 31. R1xe3 Rxg5 32. Qxg5 h6 33. Rxh6 fxe3 34. fxe3 Qxa2 35. Rg6 Rf1+ 36. Kh2 Qa1 37. h6 Rh1+ 38. Kg3 Qe1+ 39. Kg4 Qe2+ 40. Kg3 Qe1+ 1/2-1/2

[Event "Politiken Cup"]
[Site "Helsingor DAN"]
[Date "2008.07.20"]
[Round "3"]
[White "Schultz Pedersen, J."]
[Black "Delemarre, J."]
[Result "0-1"]
[WhiteElo "2165"]
[BlackElo "2467"]
[PlyCount "64"]
[EventDate "2008.07.19"]
[Source "www.chesslib.no"]
[SourceDate "2004.05.04"]

1. e4 e6 2. d4 d5 3. e5 c5 4. Qg4 Nc6 5. Nf3 Qa5+ 6. c3 cxd4 7. Be2 dxc3 8. Nxc3 Nh6 9. Bxh6 gxh6 10. O-O Qb4 11. Qh5 Bg7 12. Rab1 O-O 13. a3 Qe7 14. Rfe1 f6 15. exf6 Qxf6 16. Bb5 Ne7 17. Qh4 Qxh4 18. Nxh4 a6 19. Bf1 Ng6 20. Nf3 Bd7 21. Bd3 Rac8 22. Bxg6 hxg6 23. Ne5 Be8 24. Rbd1 g5 25. f3 Rf5 26. Nd3 Kf7 27. Ne2 Ke7 28. f4 Rf8 29. b4 b6 30. g4 Kd6 31. Kg2 Ba4 32. Rc1 Rxc1 0-1

[Event "La Coruna Open"]
[Site "La Coruna"]
[Date "1993.??.??"]
[Round "?"]
[White "Pereira, Joao"]
[Black "Sjodahl, Pontus"]
[Result "0-1"]
[WhiteElo "2250"]
[BlackElo "2375"]
[PlyCount "80"]
[EventDate "1993.07.??"]
[Source "www.chesslib.no"]
[SourceDate "2004.05.04"]

1. e4 e6 2. d4 d5 3. e5 c5 4. Qg4 cxd4 5. Nf3 Nc6 6. Bd3 Qa5+ 7. Nbd2 Qc7 8. Qg3 f6 9. exf6 Qxg3 10. f7+ Kxf7 11. hxg3 Nf6 12. Bb5 Bd6 13. Bxc6 bxc6 14. Nxd4 Bd7 15. N2f3 e5 16. Ne2 Bf5 17. c3 h6 18. O-O Rhe8 19. Be3 Ng4 20. Bd2 Bd3 21. Rae1 a5 22. Nh2 Nf6 23. g4 Ne4 24. Bc1 Bc5 25. Nf3 Rab8 26. a3 a4 27. g3 Bxe2 28. Rxe2 Nxg3 29. Rxe5 Nxf1 30. Kxf1 Bxa3 31. bxa3 Rb1 32. Re1 Rxe1+ 33. Kxe1 Rxc1+ 34. Kd2 Ra1 35. Ne5+ Kf6 36. Nxc6 Rxa3 37. Nb4 Ke5 38. Kc2 Ke4 39. Kb2 Rb3+ 40. Kc2 d4 0-1

[Event "CSR-ch"]
[Site "Trnava"]
[Date "1980.??.??"]
[Round "8"]
[White "Sikora Lerch, Jan"]
[Black "Tibensky, Robert"]
[Result "0-1"]
[WhiteElo "2410"]
[BlackElo "2200"]
[PlyCount "106"]
[EventDate "1980.??.??"]
[Source "ChessBase"]

1. e4 e6 2. d4 d5 3. e5 c5 4. Qg4 cxd4 5. Nf3 f5 6. Qg3 Ne7 7. Nbd2 Nec6 8. Bd3 Nd7 9. Nb3 Qc7 10. Bf4 Nc5 11. Nfxd4 Nxd4 12. Nxd4 a6 13. O-O Qf7 14. c4 Nxd3 15. Qxd3 dxc4 16. Qxc4 Be7 17. Qa4+ Bd7 18. Qb3 O-O 19. Qxb7 Bc5 20. Nb3 Rab8 21. Qf3 Be7 22. Rfc1 Rfc8 23. Rxc8+ Bxc8 24. Rc1 Bb7 25. Qe3 Bd8 26. Nd2 g5 27. Bxg5 Qg7 28. h4 h6 29. Qa7 Ra8 30. Qxa8 Bxa8 31. Rc8 Bb7 32. Rxd8+ Kh7 33. Nb3 hxg5 34. Nc5 Qxe5 35. Rd7+ Kg6 36. Nxb7 Qxb2 37. Nd8 Qxa2 38. hxg5 Kxg5 39. Rd6 a5 40. Nxe6+ Kf6 41. Nc5+ Ke7 42. Rd7+ Ke8 43. Rd1 Ke7 44. Re1+ Kf7 45. g3 Qd5 46. Rc1 Kg6 47. Rc3 Kg5 48. Nb3 Kg4 49. Kh2 a4 50. Nc1 Qd4 51. Rc2 a3 52. Na2 Kf3 53. Nc3 Qh8+ 0-1

[Event "Orense op 9th"]
[Site "?"]
[Date "2000.07.11"]
[Round "4"]
[White "Perez Candelario Manuel"]
[Black "Garcia Carbo Marcial"]
[Result "1-0"]
[WhiteElo "2300"]
[BlackElo "2309"]
[PlyCount "49"]
[EventDate "2000.??.??"]
[Source "www.chesslib.no"]
[SourceDate "2004.05.04"]

1. e4 e6 2. d4 d5 3. e5 c5 4. Qg4 Nc6 5. Nf3 Nxd4 6. Nxd4 cxd4 7. Qxd4 Ne7 8. Nd2 Nc6 9. Qf4 Qc7 10. Nf3 Nb4 11. Nd4 Bc5 12. Bb5+ Bd7 13. Bxd7+ Qxd7 14. Bd2 Nc6 15. Nb3 Bb6 16. Qg3 Qc7 17. f4 O-O 18. c3 a5 19. Nc1 f6 20. exf6 Rxf6 21. Nd3 a4 22. O-O-O a3 23. b3 Nd4 24. Kb1 Ne2 25. Qe1 1-0

[Event "Tunja"]
[Site "Tunja"]
[Date "1981.??.??"]
[Round "?"]
[White "Guerra, Jose Luis"]
[Black "Ostos, Julio"]
[Result "0-1"]
[WhiteElo "2225"]
[BlackElo "2380"]
[PlyCount "62"]
[EventDate "1981.??.??"]
[Source "www.chesslib.no"]
[SourceDate "2004.05.04"]

1. e4 e6 2. d4 d5 3. e5 c5 4. Qg4 Nc6 5. Nf3 h5 6. Qh3 Qb6 7. a3 Nxd4 8. Nxd4 cxd4 9. Bd3 Bd7 10. Nd2 Bb5 11. Nf3 Ne7 12. O-O Bxd3 13. cxd3 Nc6 14. Bd2 Qb3 15. Ng5 Be7 16. Nxe6 fxe6 17. Qxe6 Qxd3 18. Bg5 Kf8 19. f4 Re8 20. Qd7 Qg6 21. Qxd5 Qf5 22. b4 Rd8 23. Qc4 d3 24. Kh1 a6 25. Rad1 h4 26. h3 Rd4 27. Qb3 Qf7 28. e6 Qf5 29. Rf3 d2 30. Bxe7+ Kxe7 31. Qc3 Rhd8 0-1

[Event "Kiekrz Open"]
[Site "Kiekrz"]
[Date "1995.??.??"]
[Round "4"]
[White "Kappler, Jean-Marie"]
[Black "Schmidt, Wolfgang 1"]
[Result "1/2-1/2"]
[WhiteElo "2295"]
[BlackElo "2310"]
[PlyCount "25"]
[EventDate "1995.??.??"]
[Source "www.chesslib.no"]
[SourceDate "2004.05.04"]

1. e4 e6 2. d4 d5 3. e5 c5 4. Qg4 Qa5+ 5. Nd2 Nc6 6. Ngf3 Nh6 7. Qf4 Nb4 8. Kd1 c4 9. a3 Bd7 10. Ne1 Nc6 11. c3 Qc7 12. Nef3 Na5 13. Rb1 1/2-1/2

[Event "Toscolano Open"]
[Site "?"]
[Date "1996.??.??"]
[Round "1"]
[White "Prelati Maurizio"]
[Black "Naumkin Igor"]
[Result "0-1"]
[WhiteElo "2120"]
[BlackElo "2480"]
[PlyCount "44"]
[EventDate "1996.??.??"]
[Source "www.chesslib.no"]
[SourceDate "2004.05.04"]

1. e4 e6 2. d4 d5 3. e5 c5 4. Qg4 Nc6 5. Nf3 cxd4 6. Bd3 Qc7 7. Qg3 f6 8. Bxh7 Nxe5 9. Bg6+ Kd8 10. Nxd4 Nxg6 11. Qxg6 e5 12. Ne2 Ne7 13. Qg3 Qxc2 14. Nbc3 d4 15. Nxd4 exd4 16. Qd6+ Bd7 17. Bf4 dxc3 18. O-O cxb2 19. Rad1 Qc6 20. Qd4 Nf5 21. Qxb2 Nh4 22. f3 Qb6+ 0-1

[Event "Watertown, MA"]
[Site "?"]
[Date "1996.??.??"]
[Round "3"]
[White "La Rocca Mark"]
[Black "Furman Leonid"]
[Result "0-1"]
[WhiteElo "2200"]
[BlackElo "2395"]
[PlyCount "46"]
[EventDate "1996.??.??"]
[Source "www.chesslib.no"]
[SourceDate "2004.05.04"]

1. e4 e6 2. d4 d5 3. e5 c5 4. Qg4 Nc6 5. Nf3 Qc7 6. Bd3 c4 7. Be2 f6 8. O-O fxe5 9. dxe5 Nxe5 10. Nxe5 Qxe5 11. Nc3 Nf6 12. Qf3 Bd7 13. Bf4 Qf5 14. g4 Qg6 15. Rfe1 O-O-O 16. Qe3 Nxg4 17. Qxa7 Bc6 18. Qb8+ Kd7 19. Qc7+ Ke8 20. Bg3 Bc5 21. Bxg4 Qxg4 22. Nb5 Rf8 23. Re5 Bxf2+ 0-1

[Event "VIII Int Rapid"]
[Site "El Sauzal ESP"]
[Date "2007.11.04"]
[Round "7"]
[White "Novoselski, Z."]
[Black "Leon Varela, L."]
[Result "0-1"]
[WhiteElo "2375"]
[BlackElo "2200"]
[PlyCount "36"]
[EventDate "2007.11.03"]
[Source "www.chesslib.no"]
[SourceDate "2004.05.04"]

1. e4 e6 2. d4 d5 3. e5 c5 4. Qg4 Nc6 5. Nf3 Qb6 6. a3 cxd4 7. Bd3 Nge7 8. O-O Bd7 9. Nbd2 O-O-O 10. b4 f6 11. Qg3 Ng6 12. Bxg6 hxg6 13. Qxg6 Nxe5 14. Nxe5 fxe5 15. Nb3 Bd6 16. Bg5 e4 17. h4 Rdf8 18. Rad1 Be5 0-1

[Event "GER Open"]
[Site "GER"]
[Date "1993.??.??"]
[Round "6"]
[White "Nagendra, Rentala"]
[Black "Krause, Ullrich"]
[Result "1-0"]
[WhiteElo "2270"]
[BlackElo "2305"]
[PlyCount "73"]
[EventDate "1993.??.??"]
[Source "www.chesslib.no"]
[SourceDate "2004.05.04"]

1. e4 e6 2. d4 d5 3. e5 c5 4. Qg4 cxd4 5. Nf3 f5 6. Qg3 Nc6 7. Bd3 Bd7 8. a3 Qc7 9. b4 O-O-O 10. O-O Nge7 11. Re1 Ng6 12. h4 Be7 13. h5 f4 14. Bxf4 Nxf4 15. Qxf4 g5 16. hxg6 hxg6 17. b5 g5 18. Qg3 Na5 19. Nbd2 g4 20. Qxg4 Rdg8 21. Qf4 Be8 22. Nf1 Bh5 23. Ng3 Rf8 24. Nxh5 Rxf4 25. Nxf4 Qb6 26. g3 Nc4 27. Kg2 Kd7 28. a4 Bc5 29. Rh1 Re8 30. Rh7+ Re7 31. Rah1 Qd8 32. Rxe7+ Bxe7 33. Rh7 Nb6 34. Ng6 Nc8 35. Nxd4 Qa5 36. Nf8+ Ke8 37. Ndxe6 1-0

[Event "Open"]
[Site "?"]
[Date "1998.12.30"]
[Round "5"]
[White "Buchnicek Petr"]
[Black "Hagarova Zuzana"]
[Result "0-1"]
[WhiteElo "2240"]
[BlackElo "2335"]
[PlyCount "80"]
[EventDate "1998.??.??"]
[Source "www.chesslib.no"]
[SourceDate "2004.05.04"]

1. e4 e6 2. d4 d5 3. e5 c5 4. Qg4 f5 5. Qg3 Nc6 6. Nf3 cxd4 7. Bd3 Qc7 8. O-O Nge7 9. h4 g6 10. Re1 h6 11. b3 Bd7 12. Ba3 Rg8 13. Bd6 Qa5 14. a3 a6 15. b4 Qd8 16. Nbd2 Nc8 17. Bxf8 Kxf8 18. Nb3 N8e7 19. Nfxd4 Nxd4 20. Nxd4 Nc6 21. Nb3 g5 22. hxg5 Qxg5 23. Qxg5 hxg5 24. Nc5 Bc8 25. c4 dxc4 26. Bxc4 Ke7 27. Rad1 Rd8 28. Rxd8 Nxd8 29. f4 Nf7 30. Kf2 b6 31. Nd3 Bb7 32. g3 Nh6 33. Bb3 Ng4+ 34. Ke2 Rh8 35. Rc1 Rh2+ 36. Ke1 Be4 37. Rd1 Bf3 38. Rc1 Re2+ 39. Kf1 Ne3+ 40. Kg1 Rg2+ 0-1

[Event "Bankia Open"]
[Site "Bankia"]
[Date "1992.??.??"]
[Round "6"]
[White "Gocheva, Rumiana B"]
[Black "Nikolov, Sasho"]
[Result "0-1"]
[WhiteElo "2230"]
[BlackElo "2345"]
[PlyCount "120"]
[EventDate "1992.??.??"]
[Source "www.chesslib.no"]
[SourceDate "2004.05.04"]

1. d4 e6 2. e4 d5 3. e5 c5 4. Qg4 cxd4 5. Nf3 Nc6 6. Bd3 Nge7 7. O-O Ng6 8. Re1 Qc7 9. Qg3 f6 10. exf6 Qxg3 11. f7+ Kxf7 12. hxg3 Bd7 13. a3 a5 14. Nbd2 Bd6 15. Ng5+ Ke7 16. f4 Nf8 17. Ngf3 Bc5 18. b3 Be8 19. Bb2 Ba7 20. Kh2 Kd6 21. b4 Bg6 22. b5 Nd8 23. a4 Nd7 24. Bxd4 Bxd4 25. Nxd4 Bxd3 26. cxd3 Rc8 27. N2b3 b6 28. Rac1 Rxc1 29. Rxc1 Nc5 30. Nxc5 bxc5 31. Nf3 Nf7 32. Nd2 Rc8 33. Nb3 c4 34. dxc4 Rxc4 35. Ra1 Rb4 36. Nxa5 Nd8 37. Ra3 d4 38. Nb3 Kd5 39. Nd2 Rb2 40. Nf3 Ke4 41. Ne5 g5 42. Nc4 Rc2 43. Nd6+ Kd5 44. Ne8 gxf4 45. a5 fxg3+ 46. Kh3 Rc3 47. Ra1 d3 48. a6 Rc8 49. a7 Nb7 50. Nc7+ Kc4 51. Kxg3 d2 52. a8=Q Rxa8 53. Nxa8 Kd3 54. Kf4 Ke2 55. Nc7 Nc5 56. g4 Nd3+ 57. Kg5 Nc1 58. Nxe6 d1=Q 59. Nf4+ Kf2 60. Rxc1 Qxc1 0-1

[Event "Curacao 40. anniv Open"]
[Site "?"]
[Date "2002.11.26"]
[Round "8"]
[White "Malmdin Nils-Ake"]
[Black "Grimm Sascha"]
[Result "0-1"]
[WhiteElo "2201"]
[BlackElo "2372"]
[PlyCount "72"]
[EventDate "2002.??.??"]
[Source "www.chesslib.no"]
[SourceDate "2004.05.04"]

1. e4 e6 2. d4 d5 3. e5 c5 4. Qg4 cxd4 5. Bd3 Nc6 6. Nf3 Qc7 7. Bf4 Qb6 8. b3 f5 9. Qg3 Nge7 10. O-O Ng6 11. Bd2 Be7 12. h4 O-O 13. Re1 Qc7 14. c3 f4 15. Qh3 Ngxe5 16. Nxe5 Nxe5 17. cxd4 Nxd3 18. Qxd3 Bxh4 19. Nc3 f3 20. gxf3 Qf7 21. Kg2 b6 22. Nb5 e5 23. Nd6 Qd7 24. Nxc8 e4 25. Rxe4 dxe4 26. Qxe4 Raxc8 27. Qxh4 Rc6 28. Rh1 h6 29. Qe4 Re6 30. Qd3 Qd5 31. Rh3 b5 32. Rg3 Rff6 33. a4 a6 34. Rg4 Rf5 35. Re4 Ref6 36. Bb4 Qf7 0-1

[Event "Biel op MTO"]
[Site "Biel"]
[Date "1997.??.??"]
[Round "3"]
[White "Barthel, Ansgar"]
[Black "Sermier, Guillaume"]
[Result "1/2-1/2"]
[WhiteElo "2215"]
[BlackElo "2355"]
[PlyCount "36"]
[EventDate "1997.07.21"]
[Source "ChessBase"]
[SourceDate "1997.11.24"]

1. e4 e6 2. d4 d5 3. e5 c5 4. Qg4 cxd4 5. Nf3 Nc6 6. Bd3 Qc7 7. Bf4 Nge7 8. O-O Ng6 9. Bxg6 hxg6 10. Nbd2 Qb6 11. Nb3 a5 12. Bc1 Rh5 13. Re1 Bc5 14. Re2 Qb5 15. Re1 Qc4 16. c3 Bb6 17. Nbxd4 Bd7 18. Bg5 Nxd4 1/2-1/2

[Event "It (open)"]
[Site "Ceska Trebova (Czech Republic"]
[Date "2007.08.14"]
[Round "6"]
[White "Vojta Tomas (CZE)"]
[Black "Smith Axel (SWE)"]
[Result "1-0"]
[WhiteElo "2283"]
[BlackElo "2284"]
[PlyCount "71"]
[EventDate "2007.??.??"]
[Source "www.chesslib.no"]
[SourceDate "2004.05.04"]

1. e4 e6 2. d4 d5 3. e5 c5 4. Qg4 Nc6 5. Nf3 cxd4 6. Bd3 Qc7 7. Bf4 Nh6 8. Qg3 Qb6 9. Nbd2 Nb4 10. Bxh6 gxh6 11. Nb3 Nxd3+ 12. cxd3 Qb4+ 13. Nfd2 Bd7 14. Rc1 a5 15. Qf4 a4 16. a3 Qb5 17. Nxd4 Qxd3 18. Rc3 Qa6 19. Rf3 O-O-O 20. Rc3+ Kb8 21. Qf6 Qb6 22. Qxh8 Qxd4 23. h4 Be7 24. Qg7 Rc8 25. Rhh3 Bxh4 26. Qxf7 Qxe5+ 27. Kd1 Rxc3 28. bxc3 Bb5 29. Qf8+ Ka7 30. Qc5+ Ka6 31. Rxh4 Qe2+ 32. Kc1 Qe1+ 33. Kc2 Qa1 34. Rb4 Qa2+ 35. Kd1 Qa1+ 36. Rb1 1-0

[Event "Pardubice Telecom Open"]
[Site "?"]
[Date "2002.??.??"]
[Round "8.5"]
[White "Gergel Vladimir P"]
[Black "Kaminik Aleksandar"]
[Result "1-0"]
[WhiteElo "2334"]
[BlackElo "2232"]
[PlyCount "97"]
[EventDate "2002.??.??"]
[Source "www.chesslib.no"]
[SourceDate "2004.05.04"]

1. e4 e6 2. d4 d5 3. e5 c5 4. Qg4 cxd4 5. Nf3 Nc6 6. Bd3 Bd7 7. O-O Qb6 8. a3 f5 9. Qg3 a5 10. b3 O-O-O 11. Ng5 Nh6 12. Nd2 Be7 13. Ndf3 Rdf8 14. Re1 Ng4 15. h3 h6 16. hxg4 hxg5 17. gxf5 Rh5 18. Nxg5 Bxg5 19. Bxg5 Rfh8 20. f4 exf5 21. Kf2 Be6 22. b4 Qc7 23. Rab1 Nb8 24. bxa5 Qxa5 25. Be7 g5 26. fxg5 Rh4 27. Bf6 f4 28. Qf3 Bg4 29. Qxf4 Be6 30. Qc1 Rf8 31. Kg1 Nd7 32. Qb2 Qc7 33. Qb4 Nc5 34. Qb6 Qxb6 35. Rxb6 Kc7 36. Reb1 Re8 37. a4 Bc8 38. Bg6 Re6 39. a5 Na4 40. Bf7 Nxb6 41. Bxe6 Bxe6 42. Rxb6 Bg8 43. g6 Rg4 44. Be7 Re4 45. Bd6+ Kc8 46. a6 bxa6 47. Rb8+ Kd7 48. Rxg8 Ke6 49. Re8+ 1-0

[Event "Caorle"]
[Site "?"]
[Date "1991.07.05"]
[Round "1"]
[White "Vujovic Milorad"]
[Black "Malfagia Andrea"]
[Result "0-1"]
[WhiteElo "2300"]
[BlackElo "2260"]
[PlyCount "82"]
[EventDate "1991.??.??"]
[Source "www.chesslib.no"]
[SourceDate "2004.05.04"]

1. e4 e6 2. d4 d5 3. e5 c5 4. Qg4 cxd4 5. Nf3 Nc6 6. Bd3 Qc7 7. O-O f5 8. Qg3 Bc5 9. Nbd2 a6 10. Nb3 Ba7 11. Re1 Qf7 12. Bd2 Nge7 13. Rad1 Bd7 14. a3 O-O-O 15. Bb4 Rdg8 16. Bc5 Bb8 17. Bd6 f4 18. Ng5 fxg3 19. Nxf7 gxf2+ 20. Kxf2 Rf8 21. Kg1 Rxf7 22. Rf1 Rxf1+ 23. Rxf1 Bxd6 24. exd6 Nf5 25. Bxf5 exf5 26. Re1 Re8 27. Rxe8+ Bxe8 28. Nc5 Bh5 29. Kf2 Bd1 30. c3 dxc3 31. bxc3 a5 32. Ke3 b6 33. d7+ Kc7 34. Ne6+ Kxd7 35. Nxg7 Bc2 36. Kf4 Kd6 37. h4 d4 38. cxd4 Nxd4 39. Ke3 Ne6 40. Nh5 Ke5 41. Kd2 Be4 0-1

[Event "Politiken Cup"]
[Site "?"]
[Date "2000.07.21"]
[Round "5"]
[White "Simonsen Olavur"]
[Black "Antonsen Mikkel"]
[Result "1-0"]
[WhiteElo "2183"]
[BlackElo "2377"]
[PlyCount "79"]
[EventDate "2000.??.??"]
[Source "www.chesslib.no"]
[SourceDate "2004.05.04"]

1. e4 e6 2. d4 d5 3. e5 c5 4. Qg4 cxd4 5. Nf3 Ne7 6. Bd3 Nbc6 7. O-O Ng6 8. Qh5 Be7 9. Re1 Bd7 10. a3 Rc8 11. g3 Qc7 12. Nbd2 O-O 13. Nb3 f6 14. exf6 Bxf6 15. Bg5 Nce7 16. Bxf6 gxf6 17. Nh4 Kg7 18. Nxd4 Qd6 19. Rxe6 Bxe6 20. Re1 Rc6 21. Rxe6 Qxe6 22. Nxe6+ Rxe6 23. Nf5+ Nxf5 24. Qxf5 Re5 25. Qd7+ Rf7 26. Qc8 Rfe7 27. f4 Re1+ 28. Kg2 Rd1 29. h4 Rd2+ 30. Kh3 Re3 31. Qf5 Rf2 32. Qd7+ Kh6 33. Bxg6 hxg6 34. Qd8 Kg7 35. Qd7+ Kh6 36. Qc8 Kg7 37. Qxb7+ Kh6 38. Qb8 Kg7 39. Qxa7+ Kh6 40. Qxe3 1-0

[Event "Oberliga Nord N 9899"]
[Site "?"]
[Date "1999.??.??"]
[Round "?"]
[White "Sell Achim"]
[Black "Voigt Martin"]
[Result "0-1"]
[WhiteElo "2280"]
[BlackElo "2275"]
[PlyCount "70"]
[EventDate "1999.??.??"]
[Source "www.chesslib.no"]
[SourceDate "2004.05.04"]

1. d4 e6 2. e4 d5 3. e5 c5 4. Qg4 cxd4 5. Nf3 Nc6 6. Bd3 Qc7 7. O-O Nxe5 8. Nxe5 Qxe5 9. Bf4 Nf6 10. Qf3 Qh5 11. Bb5+ Kd8 12. Qg3 Ne4 13. Bc7+ Ke7 14. Qa3+ Kf6 15. Qd3 Bd6 16. Bxd6 Nxd6 17. Qxd4+ Qe5 18. Qh4+ g5 19. Qh6+ Ke7 20. Bd3 Bd7 21. Nc3 Qf6 22. Qh5 Bc6 23. Rae1 Nc4 24. Bxc4 dxc4 25. Re3 Rad8 26. Rg3 h6 27. Rg4 b5 28. a4 a6 29. axb5 axb5 30. Rg3 Rd2 31. Nd1 Rxc2 32. Ra3 Qd4 33. Re1 Rc1 34. Rae3 Qd5 35. Qg4 h5 0-1

[Event "CSR Team Ch"]
[Site "Czekhoslovakia"]
[Date "1992.??.??"]
[Round "?"]
[White "Vavruska, Antonin"]
[Black "Dolezal, Martin"]
[Result "1-0"]
[WhiteElo "2280"]
[BlackElo "2275"]
[PlyCount "71"]
[EventDate "1992.??.??"]
[Source "www.chesslib.no"]
[SourceDate "2004.05.04"]

1. e4 e6 2. d4 d5 3. e5 c5 4. Qg4 cxd4 5. Nf3 Nc6 6. Bd3 Qc7 7. Bf4 Nge7 8. O-O Nf5 9. Nbd2 Bd7 10. Nb3 O-O-O 11. Ng5 Nh6 12. Qg3 Be7 13. Nf3 Rdg8 14. Nbxd4 g5 15. Nxc6 Bxc6 16. Be3 Nf5 17. Bxf5 exf5 18. Bd4 f4 19. Qg4+ Bd7 20. Qh5 Be6 21. Bc3 g4 22. Nd4 Rg5 23. Qh6 Qd7 24. Bd2 Rhg8 25. Bxf4 R5g6 26. Qxh7 Bc5 27. Rad1 g3 28. Bxg3 R8g7 29. Qh4 Rg4 30. Qh6 R7g6 31. Qe3 Qa4 32. c3 Qxa2 33. b4 Bb6 34. Qf3 Qc4 35. Nf5 Qe4 36. Nd6+ 1-0